书目信息 |
| 题名: |
传感器技术及应用
|
|
| 作者: | 樊尚春 编著 | |
| 分册: | ||
| 出版信息: | 北京 北京航空航天大学出版社 2004.08 |
|
| 页数: | 10, 421页 | |
| 开本: | 23cm | |
| 丛书名: | 国防科工委"十五"规划教材 | |
| 单 册: | ||
| 中图分类: | TP212 | |
| 科图分类: | ||
| 主题词: | 传感器--教材 | |
| 电子资源: | ||
| ISBN: | 7-81077-478-6 | |
| 000 | 00880nam 2200253 450 | |
| 001 | 0153053619 | |
| 005 | 20051012102427.80 | |
| 010 | @a7-81077-478-6@dCNY36.00 | |
| 100 | @a20041113d2004 km y0chiy0120 ea | |
| 101 | 0 | @achi |
| 102 | @aCN@b110000 | |
| 105 | @aa a 000yy | |
| 200 | 1 | @a传感器技术及应用@Achuan gan qi ji shu ji ying yong@f樊尚春编著@Ffan shang chun bian zhu |
| 210 | @a北京@c北京航空航天大学出版社@d2004.08 | |
| 215 | @a10, 421页@c图@d23cm | |
| 225 | 2 | @a国防科工委"十五"规划教材@e仪器科学与技术 |
| 320 | @a有书目 (第420-421页)。 | |
| 330 | @a本书系统介绍了传感器技术涵盖的主要内容,包括传感器的特性及其评估;传感器中常用的弹性敏感元件的力学特性等。 | |
| 410 | 0 | @12001 @a国防科工委"十五"规划教材 |
| 606 | 0 | @a传感器@x教材 |
| 690 | @aTP212@v4 | |
| 701 | 0 | @a樊尚春@Afan shang chun@4编著 |
| 801 | 0 | @aCN@bQSSK@c20051012 |
| 905 | @a10447@dTP212@eF065 | |
| 传感器技术及应用/樊尚春编著.-北京:北京航空航天大学出版社,2004.08 |
| 10, 421页:图;23cm.-(国防科工委"十五"规划教材:仪器科学与技术) |
| ISBN 7-81077-478-6:CNY36.00 |
| 本书系统介绍了传感器技术涵盖的主要内容,包括传感器的特性及其评估;传感器中常用的弹性敏感元件的力学特性等。 |
| ● |
| 相关链接 |
|
|
|
正题名:传感器技术及应用
索取号:TP212/F065
 
预约/预借
| 序号 | 登录号 | 条形码 | 馆藏地/架位号 | 状态 | 备注 |
| 1 | 565410 | 205654102 | 自科二线404/301自科库 35排3列2层/ [索取号:TP212/F065] | 在馆 | |
| 2 | 565411 | 205654111 | 自科库301/301自科库 69排2列5层/ [索取号:TP212/F065] | 在馆 | |
| 3 | 565412 | 205654120 | 自科库301/301自科库 69排2列5层/ [索取号:TP212/F065] | 在馆 |